ბათუმის შოთა რუსთაველის სახელმწიფო უნივერსიტეტის ბიბლიოთეკა

The handbook of teaching qualitative and mixed research methods : (ბიბ.ჩანაწერი № 62069)

000 -LEADER
fixed length control field 01070nam a22002177a 4500
005 - DATE AND TIME OF LATEST TRANSACTION
control field 20240702151334.0
008 - FIXED-LENGTH DATA ELEMENTS--GENERAL INFORMATION
fixed length control field 240702s2024 en ||||| |||| 00| 0 eng d
020 ## - INTERNATIONAL STANDARD BOOK NUMBER
International Standard Book Number 9781032100272X
041 ## - LANGUAGE CODE
Language code of text/sound track or separate title eng
080 ## - UNIVERSAL DECIMAL CLASSIFICATION NUMBER
Universal Decimal Classification number 174.2 The-44
245 ## - TITLE STATEMENT
Title The handbook of teaching qualitative and mixed research methods :
Remainder of title a step-by-step guide for instructors /
Statement of responsibility, etc. Editor: Alissa Ruth; Amber Wutich; H. Russell Bernard
264 ## - PRODUCTION, PUBLICATION, DISTRIBUTION, MANUFACTURE, AND COPYRIGHT NOTICE
Place of production, publication, distribution, manufacture London:
Name of producer, publisher, distributor, manufacturer Routledge,
Date of production, publication, distribution, manufacture, or copyright notice 2024.
300 ## - PHYSICAL DESCRIPTION
Extent xxii, 350 pages ;
Other physical details 26 cm.
653 ## - INDEX TERM--UNCONTROLLED
keyword This handbook provides a complete classroom guide for instructors teaching qualitative and mixed methods. Experts from across the social sciences present 70 methods for teaching qualitative and mixed methods research with step by step guides.
653 ## - INDEX TERM--UNCONTROLLED
keyword ეთიკა
653 ## - INDEX TERM--UNCONTROLLED
keyword პედაგოგიკა
700 ## - ADDED ENTRY--PERSONAL NAME
Personal name Ruth, Alissa
Relator term რედაქტორი
9 (RLIN) 22659
700 ## - ADDED ENTRY--PERSONAL NAME
Personal name Wutich, Amber
Relator term რედაქტორი
9 (RLIN) 22660
700 ## - ADDED ENTRY--PERSONAL NAME
Personal name Bernard, H. Russell
Relator term რედაქტორი
9 (RLIN) 22661
942 ## - ADDED ENTRY ELEMENTS (KOHA)
Source of classification or shelving scheme
Koha item type წიგნი
ეგზემპლარები
Withdrawn status Lost status Source of classification or shelving scheme Damaged status Not for loan Permanent Location Current Location Shelving location Date acquired Cost, normal purchase price Full call number Barcode Date last seen Copy number Price effective from Koha item type Public note
          ბათუმის შოთა რუსთაველის სახელმწიფო უნივერსიტეტის მთავარი ბიბლიოთეკა ბათუმის შოთა რუსთაველის სახელმწიფო უნივერსიტეტის მთავარი ბიბლიოთეკა წიგნსაცავი 2024-07-02 132.00 174.2+37 The-44 66003 2024-07-02 66003 2024-07-02 წიგნი 132.00